[Event "IECC KO email"]
[Site "IECC email"]
[Date "2001.12.30"]
[Round "?"]
[White "Walton, James"]
[Black "Guelker, Lorenz"]
[Result "0-1"]
[WhiteElo "993"]
[BlackElo "1222"]
[PlyCount "32"]
[EventDate "2001.??.??"]
[EventType "tourn (corr)"]
[EventRounds "6"]
[SourceTitle "Corr 2008"]
[Source "ChessBase"]
[SourceDate "2008.06.24"]
[SourceVersion "1"]
[SourceVersionDate "2008.06.24"]
[SourceQuality "1"]

1. e4 e5 2. Bc4 Nf6 3. d3 d5 4. Bb3 dxe4 5. Ba4+ c6 6. Ne2 exd3 7. cxd3 Bc5 8. Nbc3 Bf5 9. Bc2 Ng4 10. f3 Nf2 11. 0-0 Nxd1+ 12. d4 exd4 13. Ne4 d3+ 14. Nxc5 dxe2 15. Bxd1 Qd4+ 16. Kh1 exf1Q# 0-1